[Event "45th FIDE Chess Olympiad Open"]
[Site "Budapest, Hungary"]
[Date "2024.09.11"]
[Round "1.165"]
[White "Neiksans, Arturs"]
[Black "Ebosse Kingue Victor Patrick"]
[Result "1-0"]
[WhiteElo "2571"]
[BlackElo "2014"]
[PlyCount "51"]
[EventDate "2024.??.??"]
[WhiteTeam "Latvia"]
[BlackTeam "Cameroon"]
[WhiteTeamCountry "LAT"]
[BlackTeamCountry "CAM"]
[WhiteClock "1:00:48"]
[BlackClock "0:05:07"]

1. d4 Nf6 2. c4 g6 3. Nc3 Bg7 4. e4 d6 5. Be2 Nc6 6. d5 Ne5 7. f4 Ned7 8. Nh3 ({RR} 8. Nf3 c6 9. O-O Qb6+ 10. Kh1 O-O 11. Rb1 a5 12. h3 Nh5 13. Qe1 Bxc3 14. Qxc3 Ng3+ 15. Kh2 Nxe2 16. Qd2 Nxc1 17. Rbxc1 cxd5 18. cxd5 Nf6 19. f5 Nxe4 20. Qh6 Bxf5 21. b3 Rac8 22. Rce1 f6 {Varela La Madrid,M (1968)-Bonin,J (2166) chess.com INT 2024 0-1}) 8... Nc5 9. Nf2 a5 10. Be3 b6 $146 ({RR} 10... c6 11. e5 Ng8 12. Bxc5 dxc5 13. dxc6 bxc6 14. Qxd8+ Kxd8 15. Na4 f6 16. Nd3 fxe5 17. Nxe5 Bxe5 18. fxe5 Nh6 19. Nxc5 Nf7 20. Nd3 Bf5 21. O-O-O Kc7 22. Rhe1 Bxd3 23. Bxd3 Rad8 24. e6 Nh6 25. h3 {Vince,A (2088)-Mitric,M (2045) Hungary 2014 ½-½ (42)}) 11. Qd2 a4 12. Rd1 O-O 13. O-O e6 14. dxe6 Bxe6 15. g4 Qe7 16. f5 Ncxe4 17. Nfxe4 Nxe4 18. Nxe4 gxf5 19. gxf5 Bxf5 20. Rxf5 Qxe4 21. Bd3 Qh4 22. Kh1 Rae8 23. Rg1 Kh8 24. Qg2 Bh6 25. Bxh6 Qxh6 26. Rh5 1-0

[Event "45th FIDE Chess Olympiad Open"]
[Site "Budapest, Hungary"]
[Date "2024.09.11"]
[Round "1.166"]
[White "Zebaze Dongmo Loic Dylane"]
[Black "Meshkovs, Nikita"]
[Result "0-1"]
[WhiteElo "1914"]
[BlackElo "2534"]
[PlyCount "100"]
[EventDate "2024.??.??"]
[WhiteTeam "Cameroon"]
[BlackTeam "Latvia"]
[WhiteTeamCountry "CAM"]
[BlackTeamCountry "LAT"]
[WhiteClock "0:20:56"]
[BlackClock "0:21:22"]

1. d4 Nf6 2. Nc3 d6 3. e4 Nbd7 4. Nf3 e5 5. dxe5 dxe5 6. Bd3 c6 ({RR} 6... Bb4 7. O-O O-O 8. Bd2 c6 9. a3 Be7 10. b4 Qc7 11. g3 Rd8 12. Kg2 Nf8 13. Be2 Ne6 14. Bd3 Nd4 15. Nxd4 exd4 16. Ne2 b6 17. Bf4 Bd6 18. Bg5 Be7 19. Bf4 Bd6 20. Bxd6 Qxd6 21. Rb1 {Montero Melendez,R (2336)-Koc,P (2346) chess.com INT 2023 0-1 (77)}) 7. O-O Qc7 8. a4 $146 ({RR} 8. h3 Nc5 9. Be3 h6 10. a3 Be6 11. b4 Nxd3 12. cxd3 Be7 13. d4 exd4 14. Bxd4 O-O 15. Qc1 b6 16. Be5 Qb7 17. Nd4 Bd7 18. Nf5 Bxf5 19. exf5 Rac8 20. f3 c5 21. b5 Rcd8 22. Qc2 Nd5 {Grich,F-Rahl,V (2145) Slovakia 2000 0-1 (60)}) ({RR} 8. Re1 Be7 9. h3 O-O 10. Be3 Nc5 11. Qe2 b5 12. a3 a5 13. Nd2 Be6 14. a4 Nxd3 15. Qxd3 b4 16. Nd1 c5 17. c4 Nh5 18. Nf3 Rad8 19. Qc2 Nf4 20. b3 Nd3 21. Re2 f5 22. Ng5 Bc8 {Jakaityte,R (1925)-Batyte,D (2066) Lithuania 2015 0-1 (52)}) ({RR} 8. a3 Nc5 9. b4 Nxd3 10. Qxd3 Be7 11. Bb2 Nh5 12. Ne2 Bf6 13. h3 g5 14. Rad1 Ke7 15. Qc4 b6 16. Nc3 Qb7 17. b5 Be6 18. Qxc6 Qxc6 19. bxc6 Rhc8 20. Nd5+ Bxd5 21. exd5 Kd6 22. Rfe1 Re8 {Mnich,J (2041)-Husek,Z (1909) Slovakia 2017 1-0}) 8... Nc5 9. h3 h6 10. Nh4 Be6 11. Qf3 Nxd3 12. Qxd3 Nh5 13. Ne2 g6 14. Qf3 Ng7 15. Qf6 Qe7 16. Qxe7+ Bxe7 17. Nf3 f6 18. Rd1 Bf7 19. Be3 Ne6 20. Rd3 Nc5 21. Bxc5 Bxc5 22. b3 Rd8 23. Rad1 Rxd3 24. Rxd3 Ke7 25. Kf1 a5 26. c4 Bb4 27. Nc3 Rb8 28. Na2 Bc5 29. Nc3 h5 30. Ke2 Be6 31. Nd2 h4 32. f3 f5 33. Kd1 Rh8 34. Ke2 Rh5 35. Kf1 Bb4 36. Ke2 Rh8 37. Kf1 Kf6 38. Ke2 Kg5 39. Kf2 Rb8 40. Na2 Bc5+ 41. Ke2 Kf4 42. Nc3 Bb4 43. Ncb1 Re8 44. Kf2 Re7 45. Rd8 Rd7 46. Rxd7 Bxd7 47. exf5 Bxf5 48. Ke2 Bc2 49. Kf2 Bd3 50. Kg1 Ke3 0-1

[Event "45th FIDE Chess Olympiad Open"]
[Site "Budapest, Hungary"]
[Date "2024.09.11"]
[Round "1.167"]
[White "Kantans, Toms"]
[Black "Amba Oyon Marius Claude"]
[Result "1-0"]
[WhiteElo "2486"]
[BlackElo "1975"]
[PlyCount "77"]
[EventDate "2024.??.??"]
[WhiteTeam "Latvia"]
[BlackTeam "Cameroon"]
[WhiteTeamCountry "LAT"]
[BlackTeamCountry "CAM"]
[WhiteClock "0:25:19"]
[BlackClock "0:04:37"]

1. e4 c5 2. Nf3 e6 3. d4 cxd4 4. Nxd4 a6 5. Bd3 Qc7 6. O-O Nf6 7. Qe2 d6 8. c4 Nbd7 9. f4 h5 ({RR} 9... Nc5 10. Bc2 e5 11. Nf5 Qb6 12. Kh1 g6 13. Ne3 Bg7 14. Nc3 exf4 15. Ned5 Qd8 16. Bxf4 Nh5 17. Be3 Be5 18. g4 Ng7 19. Bf4 Bxf4 20. Rxf4 Nd7 21. Ba4 b5 22. cxb5 Ne6 23. Rf2 O-O 24. b6 {Eliseev,U (2486)-Almasi,Z (2707) St Petersburg 2012 1-0 (57)}) 10. Kh1 Ng4 $146 ({RR} 10... b6 11. Nc3 Bb7 12. f5 Nc5 13. Bc2 exf5 14. Nd5 Bxd5 15. exd5+ Qe7 16. Qxe7+ Kxe7 17. Bg5 Kd8 18. Bxf5 Kc7 19. b4 Nb7 20. Rae1 Ne8 21. Bg6 Nf6 22. Bxf7 Nd8 23. Bg6 b5 24. cxb5 axb5 25. Nxb5+ {Quinteros,M-Debarnot,R Sao Paulo 1972 1-0 (39)}) ({RR} 10... Be7 11. Nc3 b6 12. Bd2 Bb7 13. f5 e5 14. Nb3 Rc8 15. Nd5 Qb8 16. a4 a5 17. Be3 Bd8 18. Nd2 Nc5 19. Bxc5 Rxc5 20. Nb1 Bxd5 21. cxd5 h4 22. Bb5+ Kf8 23. Bc6 b5 24. axb5 Bb6 25. b4 {Piccoli,L (2177)-Nunes,M (1939) Natal BRA 2022 1-0 (31)}) ({RR} 10... Be7 11. Nc3 h4 12. Bd2 b6 13. Rae1 h3 14. g4 Nc5 15. g5 Nxd3 16. Qxd3 Nd7 17. g6 Nc5 18. gxf7+ Kxf7 19. Qf3 Bf6 20. Nb3 Nd7 21. Kg1 Bb7 22. f5 Qxc4 23. Rc1 Rac8 24. Nd5 exd5 25. Rxc4 {Martin Alvarez,I (2239)-Meijers,V (2483) San Sebastian 2009 0-1}) ({RR} 10... b6 11. Nc3 Bb7 12. f5 e5 13. Nc2 Nc5 14. Bg5 Rc8 15. Bxf6 gxf6 16. Ne3 h4 17. Ned5 Qd8 18. Bc2 Bh6 19. b4 Nd7 20. Ba4 Bc6 21. Bxc6 Rxc6 22. b5 axb5 23. Nxb5 Bg5 24. Nb4 Qa8 25. Nxc6 {Gara,A (2327)-Lehmann,H (2222) Budapest 2003 1-0}) 11. Nc3 Be7 12. Bd2 Qb6 13. Nb3 Nc5 14. Nxc5 Qxc5 15. b4 Qa7 16. h3 f6 17. g3 Nh6 18. Be3 b6 19. Qxh5+ Nf7 20. Qg6 Kf8 21. h4 Qb7 22. Kg1 b5 23. cxb5 axb5 24. Nxb5 f5 25. exf5 Rh6 26. Qg4 exf5 27. Qf3 Qxf3 28. Rxf3 Bb7 29. Rf2 Rg6 30. Kh2 Nh6 31. Kh3 Ba6 32. a4 Rb8 33. Rc1 Bd8 34. Re2 Bb7 35. Nd4 Bf6 36. Nxf5 Bc8 37. Rxc8+ Rxc8 38. Nxd6 Rd8 39. Bxg6 1-0

[Event "45th FIDE Chess Olympiad Open"]
[Site "Budapest, Hungary"]
[Date "2024.09.11"]
[Round "1.168"]
[White "Makem Pierre"]
[Black "Miezis, Normunds"]
[Result "0-1"]
[WhiteElo "1860"]
[BlackElo "2417"]
[PlyCount "74"]
[EventDate "2024.??.??"]
[WhiteTeam "Cameroon"]
[BlackTeam "Latvia"]
[WhiteTeamCountry "CAM"]
[BlackTeamCountry "LAT"]
[WhiteClock "0:02:33"]
[BlackClock "0:12:46"]

1. d4 Nf6 2. Nc3 d5 3. Bf4 e6 4. e3 a6 5. g4 h6 ({RR} 5... c5 6. g5 Nfd7 7. Nf3 Nc6 8. h4 Be7 9. Bg2 b5 10. O-O b4 11. Ne2 a5 12. Ng3 Ba6 13. Re1 O-O 14. e4 Nb6 15. Ne5 Nxe5 16. dxe5 d4 17. Nh5 Qc7 18. Qg4 Kh8 19. Nf6 Nc4 20. Qg3 {Bernadskiy,V (2612)-Sanal,V (2590) chess.com INT 2023 0-1 (39)}) 6. Qf3 ({RR} 6. h4 c5 7. f3 Bd6 8. Nge2 Nc6 9. Qd2 b5 10. Bxd6 Qxd6 11. dxc5 Qxc5 12. Nd4 Bb7 13. Nxc6 Bxc6 14. Ne2 e5 15. O-O-O O-O-O 16. Bg2 b4 17. Kb1 Bb5 18. Nc1 a5 19. g5 Nh5 20. Bh3+ Kb8 {Lach,A (2238)-Silz,E (1980) Germany GER 2024 ½-½ (53)}) 6... b5 $146 ({RR} 6... c5 7. O-O-O Qa5 8. Nge2 Nc6 9. Kb1 cxd4 10. exd4 b5 11. Nc1 Bd7 12. Nb3 Qb6 13. h4 O-O-O 14. g5 Ng8 15. Bh3 Kb7 16. Be3 f5 17. gxf6 gxf6 18. Rhg1 Ka7 19. Rg6 Be8 20. Rxg8 Rxg8 21. Bxe6 {Enoeckl,P (2284)-Brinovec,D (2268) Austria 2021 1-0}) ({RR} 6... Bd6 7. h4 Bxf4 8. exf4 Qd6 9. g5 Ne4 10. Nge2 Nxc3 11. Nxc3 Nc6 12. O-O-O Ne7 13. Bd3 Bd7 14. Rdg1 O-O-O 15. gxh6 g6 16. h5 Rxh6 17. hxg6 Rxh1 18. Rxh1 fxg6 19. Ne2 Bb5 20. Bxb5 axb5 21. Qg4 {Bejatovic,B (2031)-Petrova,K (2275) Terme Catez 2021 0-1 (37)}) ({RR} 6... c5 7. O-O-O Nc6 8. h4 g6 9. Nge2 Nd7 10. e4 Nxd4 11. Nxd4 cxd4 12. Ne2 e5 13. Bg3 Bg7 14. exd5 O-O 15. Bg2 Re8 16. Kb1 Nf6 17. g5 Bg4 18. Qb3 Nd7 19. f3 Bf5 20. Bh3 Nc5 21. Qc4 {Cabarkapa,N (2428)-Dzida,K (2273) Ustron 2022 0-1 (35)}) 7. a3 Bb7 8. Qg3 c5 9. Bc7 Qc8 10. f3 Nc6 11. O-O-O cxd4 12. exd4 Qd7 13. Kb1 Rc8 14. Be5 b4 15. axb4 Bxb4 16. Nge2 Na5 17. Na2 Bf8 18. Nec3 Qc6 19. g5 hxg5 20. Qxg5 Nd7 21. h4 Nxe5 22. Qxe5 Qc7 23. Qg5 Rh6 24. h5 Rf6 25. Be2 Qf4 26. Rhg1 Nc4 27. Rd3 Qxg5 28. Rxg5 Rf4 29. b3 Nd6 30. Bf1 Rh4 31. Re5 Be7 32. Re1 Nf5 33. Ne2 a5 34. Nac3 Bb4 35. f4 Ba6 36. Rh3 Bxe2 37. Rxe2 Rxc3 0-1

[Event "45th FIDE Chess Olympiad Open"]
[Site "Budapest, Hungary"]
[Date "2024.09.11"]
[Round "1.169"]
[White "Al Maashani, Amer"]
[Black "Haring, Filip"]
[Result "0-1"]
[WhiteElo "1979"]
[BlackElo "2503"]
[PlyCount "90"]
[EventDate "2024.??.??"]
[WhiteTeam "Oman"]
[BlackTeam "Slovakia"]
[WhiteTeamCountry "OMN"]
[BlackTeamCountry "SVK"]
[WhiteClock "0:23:52"]
[BlackClock "0:38:02"]

1. d4 Nf6 2. c4 e6 3. Nc3 Bb4 4. e3 O-O 5. Nge2 c6 6. a3 Ba5 7. b4 Bc7 8. Ng3 d5 9. f4 ({RR} 9. Bb2 Nbd7 10. f4 a5 11. c5 b6 12. Be2 Ba6 13. Bxa6 Rxa6 14. b5 cxb5 15. c6 Nb8 16. Nxb5 Nxc6 17. Rc1 Qd7 18. Qc2 Ne7 19. Qd3 Bb8 20. a4 Nc6 21. O-O Nb4 22. Qb1 Ra8 23. Rc3 h5 {Korobov,A (2699)-Volokitin,A (2677) Warsaw 2021 ½-½ (44)}) 9... a5 10. Rb1 $146 ({RR} 10. Bb2 Qe7 11. c5 axb4 12. axb4 Rxa1 13. Qxa1 Ng4 14. Nd1 Qh4 15. Bd3 Nxh2 16. Kf2 Bxf4 17. exf4 Qxf4+ 18. Kg1 Qxg3 19. Bxh7+ Kxh7 20. Rxh2+ Kg8 21. Nf2 Na6 22. Qb1 f5 23. Rh3 Qg5 24. Nd3 Bd7 {Sikora,L (1928)-Berin,A (2234) Pardubice CZE 2024 0-1 (31)}) ({RR} 10. b5 Nbd7 11. c5 Ne8 12. b6 Bb8 13. Be2 f6 14. O-O e5 15. e4 exf4 16. Bxf4 Bxf4 17. Rxf4 Nb8 18. exd5 cxd5 19. Bf3 Be6 20. Qe2 Bf7 21. Nf5 Nc6 22. Rg4 Kh8 23. Rh4 Qd7 24. Qd3 Bg6 {Pavlidou,E (2185)-Markantonaki,H (2197) Athens 2012 1-0 (41)}) ({RR} 10. Bd2 Nbd7 11. c5 b6 12. Bd3 bxc5 13. bxc5 Ba6 14. Qe2 Bxd3 15. Qxd3 Qc8 16. O-O Qa6 17. Qxa6 Rxa6 18. a4 Rb8 19. Rab1 Raa8 20. Rxb8+ Rxb8 21. Rb1 Ne8 22. Kf2 f6 23. Ke2 e5 24. Kd3 Kf7 {Vifleemskaia,S (1971)-Warchol,K (2010) chess.com INT 2023 ½-½ (62)}) 10... axb4 11. axb4 Nbd7 12. Bd3 dxc4 13. Bxc4 Nd5 14. Bd2 N7b6 15. Bd3 Nxc3 16. Bxc3 Nd5 17. Qc1 c5 18. O-O Nxc3 19. Qxc3 cxd4 20. exd4 Bb6 21. Ne2 Bd7 22. Kh1 Bc6 23. Rbd1 Qd5 24. Rf3 Rfd8 25. Rg3 g6 26. b5 Bxb5 27. Rg5 f5 28. h4 Rdc8 29. Qb4 Bxd3 30. Rxd3 Bd8 31. Nc3 Qc4 32. Qxc4 Rxc4 33. Rgg3 Bxh4 34. Rge3 Bf6 35. Nb5 Ra6 36. d5 exd5 37. Rxd5 Rxf4 38. g3 Rf2 39. Kg1 Rc2 40. Re1 Kg7 41. Nd6 Kh6 42. Nf7+ Kh5 43. Rf1 Raa2 44. Rfd1 Rg2+ 45. Kh1 Kg4 0-1

[Event "45th FIDE Chess Olympiad Open"]
[Site "Budapest, Hungary"]
[Date "2024.09.11"]
[Round "1.170"]
[White "Sahidi, Samir"]
[Black "Salim Mohammed, Salim Al Amri"]
[Result "1-0"]
[WhiteElo "2474"]
[BlackElo "1926"]
[PlyCount "81"]
[EventDate "2024.??.??"]
[WhiteTeam "Slovakia"]
[BlackTeam "Oman"]
[WhiteTeamCountry "SVK"]
[BlackTeamCountry "OMN"]
[WhiteClock "0:46:40"]
[BlackClock "0:02:08"]

1. d4 Nf6 2. c4 g6 3. Nc3 Bg7 4. e4 d6 5. Nf3 O-O 6. Be2 e5 7. O-O Nc6 8. d5 Nb8 9. Ne1 a5 ({RR} 9... Nfd7 10. Nd3 f5 11. Bd2 Nf6 12. f3 f4 13. c5 h5 14. Rc1 g5 15. Nb5 Na6 16. Qc2 Rf7 17. Ba5 b6 18. cxd6 cxd6 19. Be1 Bf8 20. Qa4 g4 21. Rc6 gxf3 22. Bxf3 Ng4 23. Bf2 Nc5 24. Nxc5 {Cheparinov,I (2659)-Piscopo,P (2386) Plovdiv 2012 1-0 (41)}) 10. Nd3 Na6 11. Bg5 $146 ({RR} 11. a3 c5 12. b4 cxb4 13. axb4 axb4 14. Nxb4 Bd7 15. Nxa6 Rxa6 16. Rxa6 bxa6 17. Ba3 Qc7 18. Qc2 Rb8 19. Rb1 Bf8 20. Rxb8 Qxb8 21. Qb2 Qa7 22. Qc2 Qb6 23. Bc1 Be8 24. Qb2 Qa5 25. Qa3 Qxa3 {Ovod,E (2373)-Semenova,I (2279) Sochi 2004 1-0 (61)}) ({RR} 11. Be3 Nd7 12. a3 f5 13. f3 Rf7 14. b4 Bf8 15. Rc1 f4 16. Bf2 g5 17. Nb5 axb4 18. axb4 h5 19. c5 Qe8 20. cxd6 Bxd6 21. Nc5 Nf8 22. Ne6 g4 23. Nxd6 cxd6 24. Bxa6 g3 25. hxg3 fxg3 {Terbe,J (2282)-Nagy,B (2355) Hungary HUN 2023 1-0 (45)}) ({RR} 11. Be3 b6 12. a3 Nc5 13. f3 Ne8 14. b4 Nxd3 15. Bxd3 f5 16. c5 axb4 17. axb4 Rxa1 18. Qxa1 f4 19. Bf2 bxc5 20. bxc5 g5 21. Be2 h5 22. Rb1 g4 23. Rb8 g3 24. hxg3 fxg3 25. Bxg3 dxc5 {Wade,R-Hemingway,T Hastings/ East Sussex 1953 1-0 (43)}) ({RR} 11. Be3 Nd7 12. a3 f5 13. f3 f4 14. Bf2 h5 15. b4 g5 16. c5 Nf6 17. b5 Nxc5 18. Nxc5 dxc5 19. Bxc5 Rf7 20. Bc4 b6 21. Bf2 Kh8 22. d6 Rd7 23. dxc7 Qxc7 24. Qb3 g4 25. Na4 Rd6 {Zufic,M (2136)-Ciganovic,N Pula 1999 1-0 (63)}) 11... h6 12. Bh4 Qe8 13. a3 g5 14. Bg3 a4 15. f3 Bd7 16. Bf2 b6 17. Nb5 Bxb5 18. cxb5 Nc5 19. Nb4 Nfd7 20. Rc1 f5 21. Na6 Nxa6 22. bxa6 Nc5 23. Rc4 Nxa6 24. Rxa4 Nc5 25. Rxa8 Qxa8 26. b4 Nd7 27. a4 Nf6 28. Qc2 fxe4 29. fxe4 Rf7 30. Ra1 h5 31. a5 h4 32. a6 Qa7 33. h3 Nd7 34. Bg4 Nf8 35. b5 Ng6 36. Be6 Nf4 37. Bxf7+ Kxf7 38. Qc6 Ne2+ 39. Kf1 Nd4 40. Qb7 Nxb5 41. Rb1 1-0

[Event "45th FIDE Chess Olympiad Open"]
[Site "Budapest, Hungary"]
[Date "2024.09.11"]
[Round "1.171"]
[White "Al Maashani, Abdullah"]
[Black "Druska, Juraj"]
[Result "0-1"]
[WhiteElo "1893"]
[BlackElo "2441"]
[PlyCount "62"]
[EventDate "2024.??.??"]
[WhiteTeam "Oman"]
[BlackTeam "Slovakia"]
[WhiteTeamCountry "OMN"]
[BlackTeamCountry "SVK"]
[WhiteClock "0:00:51"]
[BlackClock "0:14:33"]

1. e4 c5 2. Nf3 Nc6 3. d4 cxd4 4. Nxd4 g6 5. Nc3 Bg7 6. Be3 Nf6 7. f3 O-O 8. Qd2 d5 9. O-O-O dxe4 10. Qf2 ({RR} 10. Qe1 Nxd4 {½-½ (10) Galego,L (2494)-Damaso,R (2436) Lisbon 2003}) 10... Qa5 ({RR} 10... Nxd4 11. Bxd4 Qa5 12. fxe4 Be6 13. a3 Rfc8 14. h3 Rxc3 15. Bxc3 Nxe4 16. Bxa5 Nxf2 17. Be2 Nxh1 18. Rxh1 b6 19. Bb4 Kf8 20. Rd1 a5 21. Be1 Be5 22. Bf2 Bc7 23. Bg4 Bxg4 24. hxg4 Rd8 25. Rxd8+ {Shanmathi Sree S (1750)-Bashirli,S (1894) FIDE Online Arena INT 2024 0-1 (72)}) 11. Nb3 Qc7 12. Qh4 $146 ({RR} 12. h4 exf3 13. gxf3 Bf5 14. Bh3 Bxh3 15. Rxh3 h5 16. Rg3 Rac8 17. Rg2 a6 18. Rdg1 Kh7 19. Kb1 e6 20. Bb6 Qf4 21. Ne2 Qa4 22. Nc3 Qf4 23. Ne2 Qe5 24. c3 Nd5 25. Bc5 Rfd8 26. Rg5 Qf6 {Hoyos Millan,L (2160)-El Gheiadi,I (2205) Philadelphia 1993 1-0 (44)}) 12... exf3 13. gxf3 Bf5 14. Nb5 Qc8 15. Bd3 Rd8 16. N5d4 Bxd3 17. Rxd3 Nb4 18. Rd2 Nxa2+ 19. Kb1 Nb4 20. Rhd1 Rd5 21. Ne2 Nxc2 22. Bg5 Qf5 23. Rxd5 Nxd5 24. Ng3 Na3+ 25. Ka2 Qc2 26. Rd2 Nc3+ 27. Kxa3 Nb1+ 28. Kb4 Nxd2 29. Bxd2 a5+ 30. Ka3 Qxb2+ 31. Ka4 Qa2+ 0-1

[Event "45th FIDE Chess Olympiad Open"]
[Site "Budapest, Hungary"]
[Date "2024.09.11"]
[Round "1.173"]
[White "Garcia Pantoja, Roberto"]
[Black "Pereira, Sergio"]
[Result "1-0"]
[WhiteElo "2550"]
[BlackElo "1988"]
[PlyCount "63"]
[EventDate "2024.??.??"]
[WhiteTeam "Colombia"]
[BlackTeam "Sao Tome and Principe"]
[WhiteTeamCountry "COL"]
[BlackTeamCountry "SAO"]
[WhiteClock "0:12:44"]
[BlackClock "0:00:49"]

1. e4 c5 2. Nf3 e6 3. d4 cxd4 4. Nxd4 Nf6 5. Nc3 Nc6 6. a3 d6 7. Be3 Be7 8. Be2 O-O 9. f4 ({RR} 9. Qd2 e5 10. Nb3 Be6 11. O-O-O a5 12. Kb1 a4 13. Nc1 Qa5 14. f3 Rfc8 15. g4 Nd4 16. Bxd4 exd4 17. Qxd4 Nd7 18. Nd5 Bxd5 19. Qxd5 Rc5 20. Qd2 Qd8 21. Nd3 Rcc8 22. Nb4 Nb6 23. c3 Rc5 {Duda,J (2731)-Erigaisi,A (2748) chess.com INT 2024 0-1 (37)}) 9... a6 ({RR} 9... Qc7 10. g4 Nxd4 11. Qxd4 e5 12. Qd1 exf4 13. Bxf4 Be6 14. g5 Nd7 15. Qd2 Ne5 16. O-O-O a6 17. Nd5 Bxd5 18. exd5 Rac8 19. Rhe1 Rfe8 20. Kb1 Bf8 21. c3 g6 22. h4 Bg7 23. h5 Qb6 24. h6 {Kashtanov,R (2357)-Zemlyanskii,I (2492) chess.com INT 2024 0-1 (44)}) 10. g4 Nxd4 $146 ({RR} 10... Qc7 11. g5 Nd7 12. Qd2 b5 13. Nxc6 Qxc6 14. O-O-O Bb7 15. Rhf1 Rfc8 16. f5 Bf8 17. g6 hxg6 18. fxe6 fxe6 19. Bg4 Re8 20. Bg5 Ne5 21. Qf4 Qc7 22. h4 Rac8 23. h5 Nxg4 24. Qxg4 gxh5 25. Qxh5 {Vega Gutierrez,S (2392)-Lopez del Alamo,A (2295) Chess.com INT 2021 0-1 (33)}) 11. Qxd4 e5 12. fxe5 Nxg4 13. Bxg4 Bxg4 14. Rg1 h5 15. h3 Bh4+ 16. Bf2 Bxh3 17. O-O-O Bg5+ 18. Kb1 Bg4 19. Rxg4 hxg4 20. exd6 Qf6 21. e5 Qf4 22. Ne4 Rfd8 23. Rg1 Kf8 24. Nxg5 Qxg5 25. Rxg4 Qf5 26. Bh4 Rd7 27. e6 fxe6 28. Be7+ Rxe7 29. dxe7+ Ke8 30. Rxg7 Qf1+ 31. Ka2 Rc8 32. Rg8+ 1-0

[Event "45th FIDE Chess Olympiad Open"]
[Site "Budapest, Hungary"]
[Date "2024.09.11"]
[Round "1.174"]
[White "Nascimento Admilton de Ceita "]
[Black "Cardoso Cardoso, Jose Gabriel"]
[Result "0-1"]
[WhiteElo "1908"]
[BlackElo "2508"]
[PlyCount "96"]
[EventDate "2024.??.??"]
[WhiteTeam "Sao Tome and Principe"]
[BlackTeam "Colombia"]
[WhiteTeamCountry "SAO"]
[BlackTeamCountry "COL"]
[WhiteClock "0:01:35"]
[BlackClock "0:43:00"]

1. d4 Nf6 2. Bf4 d5 3. e3 c5 4. c3 Nc6 5. Nd2 Bf5 6. Qb3 Qc8 7. Ngf3 c4 8. Qa4 a6 9. Qd1 h6 10. h3 e6 11. Be2 b5 12. b4 Nxb4 $146 ({RR} 12... a5 13. a3 Be7 14. g4 Bh7 15. Ne5 Ne4 16. Nxe4 Bxe4 17. O-O O-O 18. f3 Bh7 19. Kg2 Qb7 20. Qd2 Ra6 21. h4 Nxe5 22. Bxe5 axb4 23. axb4 Bxh4 24. Rxa6 Qxa6 25. Rh1 Be7 26. e4 f6 27. Bf4 {Crevatin,L (2075)-Johansson,G (2185) Vaxjo 2018 0-1}) 13. O-O Nd3 14. a3 Be7 15. Bh2 a5 16. Ne1 O-O 17. Be5 Nxe5 18. dxe5 Nd7 19. f4 b4 20. axb4 axb4 21. Rxa8 Qxa8 22. Nxc4 Qa7 23. Nb2 Qxe3+ 24. Kh2 bxc3 25. Na4 Be4 26. Bd3 Rc8 27. Qc2 Bh4 28. Bxe4 dxe4 29. Qd1 Bg3+ 30. Kh1 Qd2 31. Nc2 e3 32. Nxe3 Qxd1 33. Rxd1 c2 34. Rc1 Bxf4 35. Rxc2 Ra8 36. Nf1 Rxa4 37. g3 Bxe5 38. Kg2 Nf6 39. Re2 Bc7 40. Rc2 Nd5 41. Kf2 Ra3 42. h4 Bb6+ 43. Kg2 Ne3+ 44. Nxe3 Rxe3 45. Rc8+ Kh7 46. Rb8 Rxg3+ 47. Kh2 Bc7 48. Rb7 Rc3+ 0-1

[Event "45th FIDE Chess Olympiad Open"]
[Site "Budapest, Hungary"]
[Date "2024.09.11"]
[Round "1.175"]
[White "Avila Pavas, Santiago"]
[Black "Lima, Osvaldo Dos Santos"]
[Result "1-0"]
[WhiteElo "2485"]
[BlackElo "1903"]
[PlyCount "42"]
[EventDate "2024.??.??"]
[WhiteTeam "Colombia"]
[BlackTeam "Sao Tome and Principe"]
[WhiteTeamCountry "COL"]
[BlackTeamCountry "SAO"]
[WhiteClock "0:25:20"]
[BlackClock "0:29:45"]

1. d4 g6 2. e4 Bg7 3. Nc3 c6 4. Be3 b5 5. Qd2 ({RR} 5. Bd3 a5 6. Qd2 a4 7. a3 d6 8. Nge2 Nd7 9. f4 e5 10. dxe5 dxe5 11. f5 Ngf6 12. O-O-O Ng4 13. Bg5 f6 14. Be3 Nxe3 15. Qxe3 Qe7 16. Na2 Qc5 17. Qg3 Bh6+ 18. Kb1 Qe3 19. fxg6 Qxg3 {Novozhilov,S (2272)-Tifferet,S (2334) chess.com INT 2024 ½-½ (103)}) 5... a5 ({RR} 5... b4 6. Na4 Nf6 7. f3 Ba6 8. Qxb4 Bxf1 9. Kxf1 Na6 10. Qd2 O-O 11. g3 Re8 12. c4 d6 13. Rd1 Rb8 14. b3 Nd7 15. Kg2 d5 16. cxd5 cxd5 17. e5 f6 18. f4 Nb6 19. Nb2 Qd7 20. Nf3 {Gazik,V (2542)-Petenyi,T (2468) Tornelo INT 2021 1-0}) 6. h4 h5 7. Nh3 d6 $146 ({RR} 7... a4 8. a3 Nf6 9. f3 Qa5 10. Ng5 d6 11. e5 Nh7 12. Nxh7 Rxh7 13. exd6 exd6 14. Bf4 d5 15. Qe3+ Be6 16. Bd3 Kd7 17. O-O-O Na6 18. Rhe1 Re8 19. Na2 Rhh8 20. c3 Kc8 21. Qf2 Qd8 22. Re2 {Berbatov,K (2346)-Todorov,E (2177) Borovetz 2008 1-0 (54)}) 8. Ng5 Nh6 9. a3 Bb7 10. Be2 Nd7 11. f3 Nf8 12. O-O f5 13. Nxb5 Nf7 14. Nxf7 Kxf7 15. Nc3 e5 16. dxe5 dxe5 17. Bc4+ Ne6 18. Na4 Re8 19. Qc3 Qxh4 20. Bxe6+ Rxe6 21. Nc5 Re7 1-0

[Event "45th FIDE Chess Olympiad Open"]
[Site "Budapest, Hungary"]
[Date "2024.09.11"]
[Round "1.176"]
[White "Semedo, Adelino"]
[Black "Munoz Triana, Joseph Steve"]
[Result "0-1"]
[WhiteElo "1827"]
[BlackElo "2270"]
[PlyCount "70"]
[EventDate "2024.??.??"]
[WhiteTeam "Sao Tome and Principe"]
[BlackTeam "Colombia"]
[WhiteTeamCountry "SAO"]
[BlackTeamCountry "COL"]
[WhiteClock "0:03:26"]
[BlackClock "0:31:26"]

1. d4 Nf6 2. Nf3 e6 3. Bf4 c5 4. c3 Nc6 5. e3 d5 6. Nbd2 Bd6 7. Bg3 O-O 8. Bd3 Re8 9. Ne5 Bxe5 10. dxe5 Nd7 11. f4 c4 12. Be2 ({RR} 12. Bc2 Qb6 13. O-O Qxb2 14. Rc1 f5 15. exf6 Nxf6 16. Bh4 Rf8 17. e4 Qxc3 18. e5 Qd4+ 19. Bf2 Qxf4 20. exf6 Rxf6 21. Bc5 Qh6 22. Nxc4 dxc4 23. Qd6 Bd7 24. Qxd7 Qg5 25. Rxf6 Qxc5+ 26. Kh1 gxf6 {Mitkov,N (2515)-Shulman,Y (2550) Bolingbrook 2005 1-0}) ({RR} 12. Bc2 Qb6 13. O-O Qxe3+ 14. Kh1 Qb6 15. Nf3 Nf8 16. Bf2 Qxb2 17. Bc5 h6 18. Qd2 Qb5 19. Be3 Bd7 20. f5 exf5 21. Bxh6 Nxe5 22. Nxe5 Rxe5 23. Bf4 Ree8 24. Be3 Qc6 25. Bd4 Ne6 26. Be5 Nc5 {Novoselov,R (2279)-Riehle,M (2380) chess.com INT 2024 0-1 (39)}) 12... Qb6 13. Bf2 Qxb2 14. Qc1 $146 ({RR} 14. Rc1 Nb6 15. O-O Bd7 16. Nf3 Ne7 17. Nd4 Na4 18. Qe1 Nf5 19. g4 Nxd4 20. exd4 b5 21. Be3 a5 22. f5 b4 23. cxb4 axb4 24. f6 Nc3 25. Bf3 Rxa2 26. Rf2 Qa3 27. Rxa2 Nxa2 28. Rd1 b3 {Zemlyanskii,I (2362)-Do Valle Cardoso,L (2282) chess.com INT 2023 0-1 (57)}) 14... Qxc1+ 15. Rxc1 b5 16. e4 Nb6 17. Rb1 Na4 18. Rxb5 Nxc3 19. Rc5 Nb4 20. exd5 exd5 21. Kf1 Nxe2 22. Kxe2 Nd3 23. Ra5 Nxf4+ 24. Kf3 Nd3 25. Bd4 Nxe5+ 26. Kg3 Nc6 27. Rxd5 Be6 28. Rd6 Red8 29. Rxc6 Rxd4 30. Nf3 Rd3 31. Rb1 Ra3 32. Rb2 h6 33. Kf4 Rd8 34. Nd2 c3 35. Rb3 cxd2 0-1